| 000 | 01164cam a22002175a 4500 | ||
|---|---|---|---|
| 001 | L157807 | ||
| 008 | 130528s2013 xxk f 000 0 eng d | ||
| 035 | _a(Sirsi) u157807 | ||
| 041 | 0 | _aeng | |
| 100 | 1 | _aDuggan, Anthony | |
| 245 | 0 | 4 |
_aThe Self Storage Association UK Annual Survey 2013 _h[electronic resource] |
| 250 |
_a[S.l] _bSelf Storage Associaiton _c2013 |
||
| 260 |
_a[S.l.] _bDeloitte _c2013 |
||
| 520 | _aOutlines the results of the seventh annual survey carried out by the Self Storage Association UK among its members, and the third report based on the responses to a questionnaire distributed by the Self Storage Association and produced by Deloitte Real Estate. Assesses the impact the introduction of VAT on self-storage faciltiies from 1 October 2012 is having on the storage service providers sector. | ||
| 590 | _aKA | ||
| 651 | 4 |
_aUnited Kingdom _y |
|
| 690 |
_aCommercial property _96227 |
||
| 700 | 1 | _aJobson, Adam | |
| 856 | 4 | 0 |
_uhttps://www.deloitterealestate.co.uk/Research/ResearchDetails/The-Self-Storage-Association-UK-Annual-Survey-2013.aspx _zView the report after free registration at www.deloitterealestate.co.uk |
| 942 | _n0 | ||
| 999 |
_c114977 _d114977 |
||